| 000 | 00526nam a2200181Ia 4500 | ||
|---|---|---|---|
| 008 | 220216s9999 xx 000 0 und d | ||
| 100 | _aMansor H | ||
| 245 | 0 | _aAntifungal activity of pyrolytic oils of tar from rubberwood (Hevea brasiliensis) pyrolysis | |
| 260 |
_bJournal of Tropical Forest Science _c1992 |
||
| 300 | _a294-302 | ||
| 500 | _aHORT CD 1989-2000/12 | ||
| 650 | _aBiodeterioration | ||
| 650 | _aFungicides | ||
| 650 | _aMalaysia | ||
| 650 | _aWood preservatives | ||
| 700 | _aRasadah M A | ||
| 942 | _cBO | ||
| 999 |
_c47966 _d47966 |
||